000 00887nab a2200229 i 4500
001 180773
003 ES-MaACL
005 20250827225314.0
008 120711s1913 sp 000 s spa d
100 1 _aGay, Vicente,
_d1876-1949
_eaut
_956113
245 1 0 _aRevisión de la historia colonial de España /
_cpor Vicente Gay ; [discurso ... de Amalio Gimeno]
300 _aPáginas 1-24
594 _aPrecede al título: Conferencias organizadas por la Liga Cervantina
599 _aRetrato de los autores en portada
651 4 _aEspaña-
_xColonias-
_vHistoria
_98175
655 0 _aConferencias
_9234444
700 1 _aGimeno, Amalio,
_d1850-1936
_eaut
_957076
710 2 _aLiga Cervantina
_eisb
_9226913
773 0 _t'La Palabra : revista taquigráfica',
_xISSN 2479-7723
_gN. 7 (1 abril 1913), p. 1-24
_02879
_92987
_w2879
942 _cANAB
_2udc
_n0
999 _c180773
_d180773